Polar animals : (Record no. 7957)

MARC details
000 -LEADER
fixed length control field 00873nam a22002417a 4500
001 - CONTROL NUMBER
control field 7957
003 - CONTROL NUMBER IDENTIFIER
control field FISKH
005 - DATE AND TIME OF LATEST TRANSACTION
control field 20250814161133.0
008 - FIXED-LENGTH DATA ELEMENTS--GENERAL INFORMATION
fixed length control field 250814b cb ||||| |||| 00| 0 eng d
020 ## - INTERNATIONAL STANDARD BOOK NUMBER
International Standard Book Number 9780545667777
040 ## - CATALOGING SOURCE
Original cataloging agency FISKH
Language of cataloging eng
Transcribing agency FISKH
Modifying agency FISKH
050 ## - LIBRARY OF CONGRESS CALL NUMBER
Classification number QL105 .H39
082 ## - DEWEY DECIMAL CLASSIFICATION NUMBER
Classification number 591.75
100 ## - MAIN ENTRY--PERSONAL NAME
Personal name Hayes, Susan
245 ## - TITLE STATEMENT
Title Polar animals :
Remainder of title The incredible animals of the Arctic and Antarctic /
Statement of responsibility, etc. By Susan Hayes and Tory Gordon-Harris
260 ## - PUBLICATION, DISTRIBUTION, ETC.
Place of publication, distribution, etc. New York :
Name of publisher, distributor, etc. Scholastic,
Date of publication, distribution, etc. 2014.
300 ## - PHYSICAL DESCRIPTION
Extent 80 pages :
Other physical details color illustrations ;
Dimensions 26 cm
520 ## - SUMMARY, ETC.
Summary, etc. Profiles of Arctic and Antarctic animals cover subjects ranging from polar bears and emperor penguins to blue whales and Arctic terns.
650 ## - SUBJECT ADDED ENTRY--TOPICAL TERM
Topical term or geographic name entry element Penguins polar animals
Form subdivision Life science
General subdivision Informational
700 ## - ADDED ENTRY--PERSONAL NAME
Personal name Gordon-Harris, Tory
Relator term illustrator
942 ## - ADDED ENTRY ELEMENTS (KOHA)
Source of classification or shelving scheme Dewey Decimal Classification
Koha item type Books
Suppress in OPAC No
Holdings
Withdrawn status Lost status Source of classification or shelving scheme Damaged status Not for loan Collection Home library Current library Shelving location Date acquired Total Checkouts Full call number Barcode Date last seen Copy number Price effective from Koha item type
    Dewey Decimal Classification     Non-Fiction Footprints International School Library Network Toul Kork Campus Footprints International School Library Network Toul Kork Campus A TK Campus, 4th Floor, Room B401, Non-Fiction Bookcases(7-8) 08/14/2025   HAY 591.75 QL105 .H39 FISTK05561 08/14/2025 1 08/14/2025 Books